00813nam a22002177a 4500999001700000003000900017008004100026040007100067082002100138100003200159245001500191260002400206300002800230505014400258650001900402650001900421650002000440942001600460945002000476952009900496 c13714d13714AR-CdUCM190416b ||||| |||| 00| 0 spa d aMUNICIPALIDAD PROVINCIAL DEL CUSCOcBIBLIOTECA MUNICIPAL DEL CUSCO aC / 160 / bT35  aTello Palomino, Luis Moises aLógica / aCuzco :bGarcilaso, a121 páginas ;c25 cm. aContenido : Consideraciones básicas -- Reseña de la lógica simbólica -- Mecanismo y funcionamiento de la lógica formalizada ...  aLógica92358 aTeoría95077 aSímbolos9438 2ddccLIBROS arahd16/04/2019 002ddc4070aSCAbSCAcCARTd2019-04-16g15.00oC / 160 / T35pSCA0002945r2019-04-16yLIBROS